01229agaaa2200265 45000010005000000030009000050050017000140070009000310080040000400400023000800410013001031000049001161300080001652450225002452500022004702600083004923000032005755080055006075200076006625380016007385460013007546500072007677000061008397000063009002454IT-RoPAU20220918181300.0d cvaizq50131s9999||||xx ||| | || ||und|| aIT-RoPAUcIT-RoPAU aITALIANO aGrubauer AndreagCodice regista SPICS: 39596 aELENA STOLLENWERK CONFONDATRICE DELLE MISSIONARIE SERVE DELLO SPIRITO SANTO aELENA STOLLENWERK CONFONDATRICE DELLE MISSIONARIE SERVE DELLO SPIRITO SANTOcDiretto da: Grubauer AndreapELENA STOLLENWERK CONFONDATRICE DELLE MISSIONARIE SERVE DELLO SPIRITO SANTO (Rif. Codice opera principale : D2454) aEdizione Standard aCASTELROTTO (ITALIA)bPENN / g"1995 (1° ed.: 1995 ; Ed. Lingua Orig.: 1995)" aVHSbsonoro, col.c8 minuti a"Fotografia: Penn Georg; Montaggio: Mulser Egon; " aSTORIA DELLA CONFONDATRICE DELLE MISSIONARIE SERVE DELLO SPIRITO SANTO. aPAL, STEREO aITALIANO aRELIGIOSOeTV-PROGRAMMI RELIGIOSI [VHS]xCodice MATERIA SPICS: 9963 aGrubauer Andrea e(regista)gCodice regista SPICS: 39596 aGrubauer Andrea e(soggetto)gCodice Soggetto SPICS: 39596